[Event "World Corporate East C"]
[Site "Chess.com INT"]
[Date "2021.02.20"]
[Round "6.8"]
[White "Yurkovskaya, Yana"]
[Black "Fernandez Camacho, Pedro"]
[Result "1/2-1/2"]
[WhiteElo "1578"]
[BlackElo "1813"]
[PlyCount "146"]
[EventDate "2021.02.19"]
[EventType "team (rapid)"]
[EventRounds "7"]
[EventCountry "USA"]
[SourceTitle "EXT 2022"]
[Source "ChessBase"]
[SourceDate "2021.10.06"]
[SourceVersion "1"]
[SourceVersionDate "2021.10.06"]
[SourceQuality "1"]
[WhiteTeam "RingCentral"]
[BlackTeam "Indra Sistemas"]
[WhiteTeamCountry "ENG"]
[BlackTeamCountry "ESP"]

1. c4 e5 2. Nc3 Nc6 3. g3 d6 4. Bg2 Be6 5. b3 Be7 6. e3 Nf6 7. Nge2 Qd7 8. Bb2 Bh3 9. 0-0 Bxg2 10. Kxg2 0-0-0 11. d4 Qg4 12. h3 Qf5 13. Rc1 h5 14. a3 g5 15. Nd5 g4 16. h4 Nxd5 17. cxd5 Qe4+ 18. Kg1 Qxd5 19. Nc3 Qa5 20. b4 Qa6 21. b5 Qb6 22. bxc6 Qxb2 23. Nd5 Rde8 24. Rb1 Qxa3 25. Rxb7 Qa6 26. Rxc7+ Kb8 27. Qb3+ Ka8 28. Qb7+ Qxb7 29. cxb7+ Kb8 30. Rxe7 Rxe7 31. Nxe7 Kxb7 32. Rb1+ Kc7 33. Nf5 Ra8 34. Rc1+ Kd7 35. Ng7 exd4 36. exd4 a5 37. Nxh5 a4 38. Nf6+ Ke6 39. Nxg4 a3 40. Ra1 a2 41. Ne3 Ra4 42. Nc2 Kf5 43. Kg2 Kg6 44. Kf3 Kf5 45. g4+ Kf6 46. h5 Kg5 47. Kg3 d5 48. f4+ Kh6 49. Kh4 Kh7 50. Kg5 Kg7 51. Kf5 Kg8 52. g5 Kg7 53. h6+ Kh8 54. Kf6 Kg8 55. g6 Ra6+ 56. Ke7 fxg6 57. Nb4 Ra4 58. Nxd5 Ra7+ 59. Kf6 Kh7 60. Ne7 Ra3 61. Nxg6 Ra6+ 62. Kf5 Kxh6 63. Rh1+ Kg7 64. Ra1 Kh6 65. Nf8 Ra8 66. Rh1+ Kg7 67. Ne6+ Kf7 68. Rh7+ Kg8 69. Kg6 a1Q 70. Rg7+ Kh8 71. Rh7+ Kg8 72. Rg7+ Kh8 73. Rh7+ Kg8 1/2-1/2